|
|
|
|
| LEADER |
00797cam a2200217 7i4500 |
| 001 |
0000001754 |
| 005 |
20170218090000.0 |
| 020 |
|
|
|a 9789832031413
|
| 020 |
|
|
|a 9832031419 (pbk.)
|
| 090 |
0 |
0 |
|a QA76.76.H94
|b I85 2001
|
| 100 |
0 |
|
|a Iskandar Ab. Rashid
|
| 245 |
1 |
0 |
|a HTML 4.01 :
|b a complete guide
|c Iskandar Ab. Rashid & Zaitun Ismail.
|
| 260 |
|
|
|a Kuala Lumpur:
|b Venton Pub.,
|c 2001.
|
| 300 |
|
|
|a vii, 266 p.:
|b ill.;
|c 26 cm.
|
| 504 |
|
|
|a Includes bibliographical references
|
| 650 |
0 |
0 |
|a Hypertext systems
|
| 650 |
0 |
0 |
|a HTML (Document markup language)
|
| 700 |
0 |
|
|a Zaitun Ismail
|
| 997 |
|
|
|a Communication, Visual Art & Computing, Faculty
|b Computing, Department
|
| 999 |
|
|
|a 0000002026
|b BOK
|c OPEN SHELF
|e 2nd Floor, Bestari Jaya
|
| 999 |
|
|
|a 0000028359
|b BOK
|c OPEN SHELF
|e 2nd Floor, Bestari Jaya
|